Ratchet effects in currency substitution an application to the Kyrgyz Republic
Salvato in:
| Autore principale: | |
|---|---|
| Altri autori: | |
| Natura: | Libro |
| Lingua: | inglese |
| Pubblicazione: |
Washington
International Monetary Fund
1999
|
| Serie: | IMF Working Paper
WP/99/102 |
| Soggetti: | |
| Tags: |
Nessun Tag, puoi essere il primo ad aggiungerne!!
|
MARC
| LEADER | 00000nam a2200000 4500 | ||
|---|---|---|---|
| 001 | c123715 | ||
| 005 | 20221221083420.8 | ||
| 041 | 0 | |a eng | |
| 044 | |a US | ||
| 245 | 1 | 0 | |a Ratchet effects in currency substitution |b an application to the Kyrgyz Republic |c Joannes Mongardini, Johannes Mueller |
| 264 | 1 | |a Washington |b International Monetary Fund |c 1999 | |
| 300 | |a 23 s. | ||
| 490 | 1 | |a IMF Working Paper |v WP/99/102 | |
| 830 | 0 | |a IMF Working Paper |v WP/99/102 | |
| 610 | 2 | 0 | |a politika finančná |
| 610 | 2 | 0 | |a politika peňažná |
| 610 | 2 | 0 | |a substitúcia |
| 610 | 2 | 0 | |a mena |
| 610 | 2 | 0 | |a Kirgizsko |
| 100 | 1 | |a Mongardini, Joannes | |
| 700 | 1 | |a Mueller, Johannes | |